000 00887nam a2200289Ia 4500
001 H8295
003 IT-RoPAU
008 130308s9999 xx 000 0 und d
040 _aIT-RoPAU
040 _cIT-RoPAU
041 _aINGLESE
100 _aPope-Hennessy John
100 _gCodice Aut. SPICS: 59312
245 _aFra Angelico
245 _bFra Angelico
250 _a1a ed.
260 _a LONDRA
260 _bPhaidon Press
260 _c1952 [1° Ed.:1952 - Ed.Ling.Originale:1952]
300 _a"214 p. (prefazione: no ; testo: 214 [pagine: 0-0])"
500 _aIntroduzione. pitture . Catalogo delle pitture . Altre Opere Attribuite a Fra Angelico: pitture , Disegni, Miniature. Opere Perse di Fra Angelico. indice delle pitture .
650 _aAUTORI/OPERE DI PITTURA
650 _eCodice materia Spics: 5207
942 _cBK
957 _71
999 _c91222
_d91222
999 _g1